| Поле | Название | Значение |
| |
Тип записи |
a |
| |
Библиографический уровень |
m |
| 001 |
Контрольный номер |
RU/CBS_UL/BASE/554565355 |
| 005 |
Дата корректировки |
20260423145247.4 |
| 010 |
Индекс ISBN |
__ |
| a |
ISBN |
978-5-353-04058-3 |
| b |
Уточнения |
в пер. |
| d |
Цена |
53 р. 00 к. |
| 9 |
Тираж |
5 000 экз. |
| 100 |
Данные общей обработки |
__ |
| a |
Данные общей обработки |
20140328d2014 ||| 0rusy0189 ca |
| 101 |
Язык документа |
0_ |
| a |
Язык текста |
rus |
| 102 |
Страна публикации |
__ |
| a |
Страна публикации |
RU |
| 105 |
Кодированные данные (монография) |
__ |
| a |
Кодированные данные (монография) |
y###||||000|y |
| 181 |
Поле кодированных данных: вид содержания |
_1 |
| a |
Код вида содержания (ISBD) |
i# |
| b |
Код характеристики содержания (ISBD) |
#xxe## |
| d |
|
i |
| g |
|
x |
| h |
|
x |
| i |
|
e |
| 2 |
Код системы (источник кода, отличный от ISBD) |
isbdcontent |
| 182 |
Поле кодированных данных: тип средства |
_1 |
| a |
Код типа средства (ISBD) |
n |
| 2 |
Код системы (источник кода, отличный от ISBD) |
isbdmedia |
| 200 |
Заглавие и сведения об ответственности |
1_ |
| a |
Заглавие |
Пирамиды. Тысячелетние тайны |
| f |
Первые сведения об ответственности |
Р. Джакоббо |
| g |
Последующие сведения об ответственности |
пер. с итал. А. Васильевой |
| 210 |
Выходные данные |
1_ |
| a |
Место издания |
Москва |
| c |
Издательство |
Росмэн-пресс |
| d |
Дата издания |
2009 |
| 215 |
Физическое описание |
__ |
| a |
Объем |
117, [2] с. |
| c |
Иллюстрации/тип воспроизводства |
ил. |
| d |
Формат |
22 см. |
| 225 |
Серия |
0_ |
| a |
Серия |
Таинственный мир |
| 300 |
Общие примечания |
__ |
| a |
Общие примечания |
12+ |
| 606 |
Тематические рубрики |
0_ |
| a |
Основная рубрика |
История Египта - Пирамиды |
| 606 |
Тематические рубрики |
0_ |
| a |
Основная рубрика |
Археология Египта |
| 610 |
Ключевые слова |
0_ |
| a |
Ключевые слова |
пирамиды |
| a |
Ключевые слова |
археология |
| a |
Ключевые слова |
история |
| a |
Ключевые слова |
артефакты |
| a |
Ключевые слова |
факты |
| a |
Ключевые слова |
сооружения пирамидальные |
| a |
Ключевые слова |
сфинксы |
| a |
Ключевые слова |
земля тайн |
| 686 |
Индексы других классификаций |
__ |
| a |
Классификационный индекс |
63.3(6Еги) |
| 2 |
Код системы |
ББК |
| 686 |
Индексы других классификаций |
__ |
| a |
Классификационный индекс |
63.4(3) |
| 2 |
Код системы |
rubbk |
| 700 |
Автор |
_0 |
| a |
Фамилия |
Джакоббо |
| b |
Имя (инициалы) |
Р. |
| g |
Полное личное имя |
Роберто |
| 852 |
Данные о местонахождении |
__ |
| i |
Авторский знак |
Д 40 |
| j |
Шифр хранения |
63.3(6) |
| 900 |
Электронные ресурсы |
__ |
| a |
Имя электронного ресурса |
Пирамиды 1000летние |
| 901 |
Тип документа |
__ |
| t |
Тип документа |
m |